Basale Soziologie Hauptprobleme

Na minha lista:
Detalhes bibliográficos
Formato: Livro
Idioma:alemão
Publicado em: Opladen Westdeutscher Verlag 1979
Edição:2. verb. Aufl.
Colecção:Studienreihe Gesellschaft
Tags: Adicionar Tag
Sem tags, seja o primeiro a adicionar uma tag!

MARC

LEADER 00000nam a2200000 4500
001 c019148
005 20250707103915.4
020 |a 3-531-11433-6 
041 0 |a ger 
044 |a DE 
245 1 0 |a Basale Soziologie  |b Hauptprobleme 
250 |a 2. verb. Aufl. 
264 1 |a Opladen  |b Westdeutscher Verlag  |c 1979 
300 |a 243 s. 
490 1 |a Studienreihe Gesellschaft 
830 0 |a Studienreihe Gesellschaft